| 000 | 00517nam a2200193Ia 4500 | ||
|---|---|---|---|
| 005 | 20250508151729.0 | ||
| 008 | 008 250505s9999 xx 000 0 eng d | ||
| 037 | _aTextual | ||
| 040 |
_aFEDL _beng _cFEDL |
||
| 041 |
_aeng _2eng |
||
| 084 |
_a157.3, FUR _qFEDL |
||
| 100 |
_aFurst Joseph B. _9759842 |
||
| 245 | 0 | _aNeurotic | |
| 260 |
_aNew York, USA _bThe Citadel Press _c1954 |
||
| 300 | _axi,271p. | ||
| 650 | _aAbnormal Psychology | ||
| 942 |
_cTEXL _h157.3, FUR |
||
| 999 |
_c1331752 _d1331752 |
||